00269nam a2200085Ia 4500008004100000100002100041245007000062260004200132260000900174170620s9999 xx 000 0 und d aDevi- T. Kalyani 0aHome and School Environment- Their influence on perceptual styles bNew Delhi- Discovery Publishing House c2004